Stratégia v podnikaní

Názory a odporúčania popredného singapurského manažéra Dr. Swee Lip Queka, ktorý sa od r. 1990 zaoberá poradenskou činnosťou v ČR a SR. Možnosti spolupráce s Malajziou, neúspešné výsledky zahraničných ciest vlády SR. Uplatnenie slovenských podnikateľov na zahraničných trhoch. Skúsenosti zo spoluprác...

Ausführliche Beschreibung

Gespeichert in:
Bibliographische Detailangaben
1. Verfasser: Quek, S.L
Weitere Verfasser: Timková, E.
Format: Buchkapitel
Sprache:Slowakisch
Schlagworte:
Tags: Tag hinzufügen
Keine Tags, Fügen Sie das erste Tag hinzu!

MARC

LEADER 00000naa a2200000 4500
001 r018430
005 20221213095949.4
041 0 |a slo 
044 |a SK 
245 1 0 |a Stratégia v podnikaní  |c S.L. Quek, E. Timková 
520 |a Názory a odporúčania popredného singapurského manažéra Dr. Swee Lip Queka, ktorý sa od r. 1990 zaoberá poradenskou činnosťou v ČR a SR. Možnosti spolupráce s Malajziou, neúspešné výsledky zahraničných ciest vlády SR. Uplatnenie slovenských podnikateľov na zahraničných trhoch. Skúsenosti zo spolupráce so slovenskými firmami. 
610 2 0 |a Malajzia 
610 2 0 |a Singapur 
610 2 0 |a Slovensko 
610 2 0 |a 1990-1995 
610 2 0 |a manažment strategický 
610 2 0 |a stratégia podniková 
610 2 0 |a podnikanie 
100 1 |a Quek, S.L. 
700 1 |a Timková, E.